| 000 | 01175nam a2200289 i 4500 | ||
|---|---|---|---|
| 001 | bg | ||
| 245 | 0 | 0 |
_aMateriały IX Międzynarodowego Kongresu Bałtyckiego Parlamentu Ekologicznego : _bDarłowo - Gdańsk, 20-22.X. / _cpod red. Jerzego Jaśkowskiego ; Bałtycka Wyższa Szkoła Humanistyczna _n995 r. |
| 246 | 1 | 4 | _aBałtyckie Forum Ekologiczne, 9 |
| 260 |
_aKoszalin ; _aGdańsk : _bBWSH, _c1996. |
||
| 300 |
_a244, [1] s. : _bmapy, rys., wykr. ; _c21 cm. |
||
| 500 | _aTyt. okł. : IX Bałtyckie Forum Ekologiczne 1995. - Tekst częśc. ang. | ||
| 504 | _aBibliogr., Summ. przy ref. | ||
| 650 | 9 |
_aPromieniowanie jonizujące _xbezpieczeństwo |
|
| 650 | 9 |
_aŚrodowisko człowieka _xochrona |
|
| 651 | 9 |
_aBałtyckie kraje _xhigiena |
|
| 651 | 9 |
_aCzarnobyl _xelektrownia jądrowa |
|
| 655 | _aMateriały konferencyjne | ||
| 700 | 1 |
_aJAŚKOWSKI, Jerzy. _eRed. |
|
| 711 | 2 |
_aBałtyckie Forum Ekologiczne _n(IX ; _d1995 ; _cDarłowo - Gdańsk) |
|
| 020 | _a8386670797 | ||
| 040 | _cBPK | ||
| 041 | 1 | _aplen | |
| 080 | _a504.05:614.7](061.3):539.16:621.311:621.039(477)(061.3) | ||
| 920 | _a83-86670-79-7 | ||
| 942 | _cKS | ||
| 008 | s pl f |000 0 pol | ||
| 999 |
_c30904 _d30904 |
||
| 856 |
_uhttp://koha.tu.koszalin.pl/cgi-bin/koha/opac-detail.pl?biblionumber=30904 _yKatalog online BPK |
||